00494nam a2200145Ia 450000500170000000800410001710000180005824500800007626000280015630000110018465000170019594200070021299900150021995201140023420260328101443.0260328s9999||||xx |||||||||||||| ||und|| aKostof, Spiro 4aThe Architect :b Chapters in the History of the profession /cSpiro Kostof bOxford University Press a371 p. aARQUITECTURA cBK c8354d8354 001040708GENaGPCbGPCcGENd2026-03-28i2151l0o720 K 8484p2151r2026-03-28 15:14:43t1w2026-03-28yBK